000 00389nam a22001697a 4500
005 20180425124837.0
008 160601b xxu||||| |||| 00| 0 eng d
020 _a0-07-096570-6
041 _aeng
082 _b6724
_a510
100 _aRaghavachari, M
_94289
245 _aMathematics for Management
260 _bTMH
_c2004
300 _a439
650 _aManagement
_9241
942 _cBK
999 _c2341
_d2340